000 00278nam a22001217a 4500
008 260326b ||||| |||| 00| 0 eng d
041 _afrang
080 _a1.1
100 _a25
101 _aHistori
245 _aHistorie del - Albanie
_cJean Claude Faveyria
942 _2udc
_cBK
999 _c60941
_d60941